000
00250nam a2200097Ia 4500
001
1250623
005
20251031150859.0
008
251031s9999 xx 000 0 und d
245
0
_c
M. FATİH ÇITLAK
_a
D-2 FÜKÜR FEDAİSİ
260
_b
ERDEM YAYINLARI
999
_c
1250623
_d
1250623